[Event "HUN-chT2 Breyer 1819"]
[Site "Hungary"]
[Date "2019.02.24"]
[Round "6.6"]
[White "Ritter, Gabor"]
[Black "Szavin, Mark Laszlo"]
[Result "1-0"]
[WhiteElo "1989"]
[BlackElo "1942"]
[PlyCount "107"]
[EventDate "2018.10.28"]
[EventType "team-tourn"]
[EventRounds "9"]
[EventCountry "HUN"]
[SourceTitle "CBM 189 Extra"]
[Source "ChessBase"]
[SourceDate "2019.06.03"]
[SourceVersion "1"]
[SourceVersionDate "2019.06.03"]
[SourceQuality "1"]
[WhiteTeam "Vizugy"]
[BlackTeam "Zsambek"]
[WhiteTeamCountry "HUN"]
[BlackTeamCountry "HUN"]

1. d4 d5 2. c4 dxc4 3. Nf3 Nf6 4. e3 e6 5. Bxc4 a6 6. a4 c5 7. 0-0 Nc6 8. Nc3 Be7 9. h3 0-0 10. dxc5 Qa5 11. Qe2 Qxc5 12. Rd1 Ne5 13. Nxe5 Qxe5 14. e4 g5 15. Be3 Bd7 16. Bd4 Qc7 17. e5 Ne8 18. Ne4 Kh8 19. Bd3 Bc6 20. Nf6 h6 21. Bc2 Rc8 22. Rac1 Kg7 23. Nh5+ Kg8 24. Qd3 f5 25. exf6 Bxf6 26. Qg6+ Bg7 27. Qxe6+ Qf7 28. Bb3 Bd5 29. Bxd5 Rxc1 30. Qxf7+ Rxf7 31. Bxf7+ Kxf7 32. Rxc1 Bxd4 33. b3 Nd6 34. Ng3 Ke6 35. Kf1 b5 36. Rc6 bxa4 37. bxa4 a5 38. Ne4 Kd5 39. Rxd6+ Kxe4 40. Ke2 h5 41. Rg6 Kf5 42. Rg8 g4 43. h4 Bf6 44. g3 Ke4 45. Ra8 Bc3 46. Rc8 Bd4 47. Rf8 Be5 48. Rf7 Bc3 49. Rh7 Kd4 50. Rxh5 Kc4 51. Rb5 Bb4 52. h5 Kb3 53. h6 Kxa4 54. Rxb4+ 1-0

[Event "HUN-chT2 Breyer 1718"]
[Site "Hungary"]
[Date "2018.05.06"]
[Round "11.6"]
[White "Udvardi, Istvan Jr"]
[Black "Ritter, Gabor"]
[Result "1/2-1/2"]
[WhiteElo "1843"]
[BlackElo "1981"]
[PlyCount "119"]
[EventDate "2017.09.24"]
[EventType "team-tourn"]
[EventRounds "11"]
[EventCountry "HUN"]
[SourceTitle "EXT 2021"]
[Source "ChessBase"]
[SourceDate "2020.10.23"]
[SourceVersion "1"]
[SourceVersionDate "2020.10.23"]
[SourceQuality "1"]
[WhiteTeam "Tatabanya Turul"]
[BlackTeam "Vizugy"]
[WhiteTeamCountry "HUN"]
[BlackTeamCountry "HUN"]

1. e4 c5 2. b4 cxb4 3. a3 d5 4. exd5 Qxd5 5. Nf3 e6 6. axb4 Bxb4 7. c3 Be7 8. Na3 Nc6 9. Nb5 Qd8 10. d4 Nf6 11. Bf4 0-0 12. Bd3 b6 13. 0-0 Bb7 14. c4 a6 15. Nc7 Nh5 16. Be5 Nxe5 17. Nxe5 Qxc7 18. Qxh5 f5 19. g4 Bd6 20. Rae1 Bxe5 21. Rxe5 g6 22. Qg5 Qd8 23. Qxd8 Raxd8 24. Rxe6 Rxd4 25. Be2 Bc8 26. Rxb6 fxg4 27. c5 a5 28. c6 a4 29. c7 a3 30. Ba6 Bxa6 31. Rxa6 Rc4 32. c8Q Rfxc8 33. Rxa3 h5 34. Ra7 R8c7 35. Ra6 Kg7 36. Re1 R7c6 37. Re7+ Kh6 38. Rxc6 Rxc6 39. Re3 Kg5 40. Kg2 Rf6 41. Ra3 Rf5 42. Rb3 Re5 43. Ra3 Kf4 44. h3 gxh3+ 45. Rxh3 Rg5+ 46. Kh2 Rc5 47. Kg2 Rc2 48. Rf3+ Kg5 49. Rg3+ Kh6 50. Rb3 h4 51. Ra3 g5 52. Rb3 Kh5 53. Ra3 Rc4 54. Rb3 Rf4 55. f3 Ra4 56. Rb5 Ra2+ 57. Kh3 Rf2 58. Rf5 Kg6 59. Rf8 Kg7 60. Rf5 1/2-1/2

[Event "HUN-chT2 Breyer 1516"]
[Site "Hungary"]
[Date "2016.02.14"]
[Round "7.7"]
[White "Ritter, Gabor"]
[Black "Szinavel, Zsolt"]
[Result "1-0"]
[WhiteElo "2069"]
[BlackElo "2102"]
[PlyCount "117"]
[EventDate "2015.09.13"]
[EventType "team-tourn"]
[EventRounds "11"]
[EventCountry "HUN"]
[SourceTitle "EXT 2017"]
[Source "ChessBase"]
[SourceDate "2016.10.25"]
[SourceVersion "1"]
[SourceVersionDate "2016.10.25"]
[SourceQuality "1"]
[WhiteTeam "Vizugy"]
[BlackTeam "Kisber Aszar"]
[WhiteTeamCountry "HUN"]
[BlackTeamCountry "HUN"]

1. d4 Nf6 2. c4 e6 3. Nf3 b6 4. g3 Bb7 5. Bg2 Be7 6. Nc3 0-0 7. 0-0 Ne4 8. Qc2 Nxc3 9. Qxc3 f5 10. b3 a5 11. a3 c5 12. Bb2 Bf6 13. Qd2 cxd4 14. Bxd4 Bxd4 15. Nxd4 Bxg2 16. Kxg2 Na6 17. Qe3 Qf6 18. Rad1 Nc7 19. Nf3 d5 20. Qxb6 Qe7 21. Qe3 Qxa3 22. cxd5 exd5 23. Qe5 Rf7 24. Nd4 Re8 25. Qf4 Qb4 26. Qd2 Rb8 27. Qd3 Rb6 28. Ra1 Nb5 29. Nxf5 Qe4+ 30. Qxe4 dxe4 31. Ne3 Nc3 32. Rxa5 Rxb3 33. Nf5 h6 34. Re5 Kh7 35. Nd6 Rd7 36. Nxe4 Nxe4 37. Rxe4 Rb2 38. f3 Rdd2 39. Kf2 Rd7 40. h4 h5 41. Rc1 g6 42. Re6 Rg7 43. Rcc6 Rb5 44. Ke3 Rb3+ 45. Kf4 Rf7+ 46. Rf6 Rb4+ 47. e4 Rg7 48. Rcd6 Rb5 49. e5 Ra7 50. Rd4 Kg7 51. Rfd6 Raa5 52. Rd7+ Kh6 53. Re4 Rb8 54. Rf7 Rg8 55. e6 g5+ 56. hxg5+ Kg6 57. Rf6+ Kg7 58. e7 Re8 59. Rh6 1-0

[Event "Perenyi Memorial"]
[Site "Budapest"]
[Date "2016.01.13"]
[Round "7"]
[White "Ritter, Gabor"]
[Black "Horvath, Jeno Kalman"]
[Result "1/2-1/2"]
[WhiteElo "2039"]
[BlackElo "1997"]
[PlyCount "22"]
[EventDate "2016.01.06"]
[EventType "swiss"]
[EventRounds "9"]
[EventCountry "HUN"]
[SourceTitle "CBM 170 Extra"]
[Source "ChessBase"]
[SourceDate "2016.02.25"]
[SourceVersion "1"]
[SourceVersionDate "2016.02.25"]
[SourceQuality "1"]

1. d4 Nf6 2. c4 g6 3. Nc3 Bg7 4. g3 0-0 5. Bg2 d6 6. e3 c6 7. Nge2 e5 8. 0-0 Re8 9. dxe5 dxe5 10. b3 Bf5 11. Bb2 Qc8 1/2-1/2

[Event "HUN-chT2 Breyer 1516"]
[Site "Hungary"]
[Date "2015.12.06"]
[Round "6.6"]
[White "Ritter, Gabor"]
[Black "Kende, Gyorgy"]
[Result "1/2-1/2"]
[WhiteElo "2069"]
[BlackElo "2106"]
[PlyCount "46"]
[EventDate "2015.09.13"]
[EventType "team-tourn"]
[EventRounds "11"]
[EventCountry "HUN"]
[SourceTitle "CBM 170 Extra"]
[Source "ChessBase"]
[SourceDate "2016.02.25"]
[SourceVersion "1"]
[SourceVersionDate "2016.02.25"]
[SourceQuality "1"]
[WhiteTeam "Vizugy"]
[BlackTeam "Biatorbagy"]
[WhiteTeamCountry "HUN"]
[BlackTeamCountry "HUN"]

1. d4 Nf6 2. c4 e5 3. dxe5 Ng4 4. Nf3 Bc5 5. e3 Nc6 6. Nc3 0-0 7. Be2 Ngxe5 8. 0-0 Re8 9. Nd5 d6 10. b3 Nxf3+ 11. Bxf3 Ne5 12. Be2 Bf5 13. Bb2 a5 14. a3 c6 15. Nf4 Qh4 16. Bd4 Rad8 17. Qd2 a4 18. b4 Bxd4 19. exd4 Ng4 20. Bxg4 Qxg4 21. Rae1 g5 22. Ne2 Be6 23. d5 Bd7 1/2-1/2

[Event "HUN-chT2 Erkel 1415"]
[Site "Hungary"]
[Date "2014.12.14"]
[Round "6.8"]
[White "Ritter, Gabor"]
[Black "Farkas, Istvan"]
[Result "0-1"]
[WhiteElo "2089"]
[BlackElo "1919"]
[PlyCount "84"]
[EventDate "2014.09.28"]
[EventType "team-tourn"]
[EventRounds "9"]
[EventCountry "HUN"]
[SourceTitle "EXT 2016"]
[Source "ChessBase"]
[SourceDate "2015.10.08"]
[SourceVersion "1"]
[SourceVersionDate "2015.10.08"]
[SourceQuality "1"]
[WhiteTeam "Vizugy"]
[BlackTeam "Jaszbereny"]
[WhiteTeamCountry "HUN"]
[BlackTeamCountry "HUN"]

1. d4 d5 2. Bf4 Nf6 3. e3 Nbd7 4. Nf3 e6 5. Bd3 c5 6. c3 Be7 7. h3 0-0 8. Nbd2 b6 9. 0-0 Bb7 10. Qe2 Ne4 11. Ne5 Bf6 12. Nxd7 Qxd7 13. Nxe4 dxe4 14. Bb5 Qe7 15. Rfd1 Rfd8 16. Ba6 Bd5 17. Bc4 Rac8 18. Ba6 Bb7 19. Bxb7 Qxb7 20. Qg4 Qd5 21. dxc5 Qxc5 22. Bg3 Qb5 23. Rxd8+ Rxd8 24. Rd1 Rd3 25. Qe2 Qd5 26. Rxd3 exd3 27. Qd2 e5 28. f3 Be7 29. b3 Bc5 30. c4 Qd6 31. Bf2 Bb4 32. Qd1 d2 33. g3 Qd3 34. Kg2 f5 35. g4 g6 36. gxf5 gxf5 37. Kg1 Bc5 38. e4 fxe4 39. Bxc5 exf3 40. Bb4 Qg6+ 41. Kf2 Qg2+ 42. Ke3 f2 0-1

[Event "Budapest op 3rd"]
[Site "Budapest"]
[Date "2013.08.25"]
[Round "9"]
[White "Ritter, Gabor"]
[Black "Furedi, Erik"]
[Result "1-0"]
[WhiteElo "2108"]
[BlackElo "1927"]
[PlyCount "117"]
[EventDate "2013.08.17"]
[EventType "swiss"]
[EventRounds "9"]
[EventCountry "HUN"]
[SourceTitle "CBM 156 Extra"]
[Source "ChessBase"]
[SourceDate "2013.10.22"]
[SourceVersion "1"]
[SourceVersionDate "2013.10.22"]
[SourceQuality "1"]

1. Nf3 d5 2. c4 d4 3. e3 c5 4. exd4 cxd4 5. d3 Nc6 6. Na3 e5 7. Nc2 Nf6 8. a3 Bd6 9. b4 b6 10. Be2 0-0 11. Bg5 h6 12. Bh4 Qe7 13. 0-0 Qe6 14. Nd2 Nd7 15. Bf3 Bb7 16. Re1 Qg6 17. Be4 f5 18. Bd5+ Kh8 19. f4 Nd8 20. Bxb7 Nxb7 21. fxe5 Bxe5 22. Nf3 Qd6 23. Bf2 Rad8 24. Ncxd4 a6 25. Ra2 Rf6 26. Rae2 Re8 27. Nb3 Ree6 28. d4 Bf4 29. d5 Rxe2 30. Rxe2 Ne5 31. Nxe5 Bxe5 32. Rxe5 Qxe5 33. Bd4 Qe4 34. Bxf6 Qe3+ 35. Kh1 gxf6 36. h3 f4 37. Qf3 Nd6 38. c5 Ne4 39. Qxe3 fxe3 40. Nd4 bxc5 41. bxc5 Nxc5 42. Kg1 Kg8 43. Kf1 Kf7 44. Ke2 Kg6 45. Kxe3 f5 46. Ne2 Kf6 47. Kd4 Nd7 48. Nf4 Nf8 49. Nd3 Ke7 50. Nc5 Kd6 51. Nxa6 Nd7 52. Nb4 Nb6 53. g3 Na4 54. Nc2 Ke7 55. Ke5 Kf7 56. Ne3 Nb6 57. Kxf5 Ke7 58. Kg6 Kd6 59. Kxh6 1-0

[Event "HUN-chT2 Erkel 1213"]
[Site "Hungary"]
[Date "2012.12.02"]
[Round "5.4"]
[White "Ritter, Gabor"]
[Black "Frink, Ferenc"]
[Result "0-1"]
[WhiteElo "2111"]
[BlackElo "2194"]
[PlyCount "58"]
[EventDate "2012.09.16"]
[EventType "team-tourn"]
[EventRounds "11"]
[EventCountry "HUN"]
[SourceTitle "EXT 2014"]
[Source "ChessBase"]
[SourceDate "2013.11.20"]
[SourceVersion "1"]
[SourceVersionDate "2013.11.20"]
[SourceQuality "1"]
[WhiteTeam "Vizugy"]
[BlackTeam "Matra"]
[WhiteTeamCountry "HUN"]
[BlackTeamCountry "HUN"]

1. d4 Nf6 2. c4 Nc6 3. Nf3 e6 4. e3 d6 5. Nc3 Bd7 6. Be2 e5 7. d5 Ne7 8. e4 Ng6 9. 0-0 Be7 10. Be3 0-0 11. b4 h6 12. Ne1 Nh7 13. Nd3 Bg5 14. Bg4 f5 15. Bxf5 Bxf5 16. exf5 Rxf5 17. Ne4 Qd7 18. Qb3 Raf8 19. Rfe1 b6 20. a4 Bxe3 21. fxe3 Ng5 22. Ndf2 Nh4 23. Ra2 Qf7 24. Qd3 Qg6 25. Ng3 Rxf2 26. Qxg6 Rxa2 27. Qd3 Rxg2+ 28. Kh1 Rff2 29. Re2 Rxh2+ 0-1

[Event "HUN-chT2 Erkel 1112"]
[Site "Hungary"]
[Date "2011.09.25"]
[Round "1.3"]
[White "Ritter, Gabor"]
[Black "Lovas, Zsolt"]
[Result "1-0"]
[WhiteElo "2088"]
[BlackElo "2071"]
[PlyCount "32"]
[EventDate "2011.09.25"]
[EventType "team-tourn"]
[EventRounds "11"]
[EventCountry "HUN"]
[SourceTitle "EXT 2013"]
[Source "ChessBase"]
[SourceDate "2012.11.22"]
[SourceVersion "1"]
[SourceVersionDate "2012.11.22"]
[SourceQuality "1"]
[WhiteTeam "Vizugy"]
[BlackTeam "Honved II"]
[WhiteTeamCountry "HUN"]
[BlackTeamCountry "HUN"]

1. d4 Nf6 2. c4 g6 3. Nc3 d5 4. cxd5 Nxd5 5. e4 Nxc3 6. bxc3 Bg7 7. Be3 c5 8. Qd2 Qa5 9. Nf3 cxd4 10. cxd4 Qxd2+ 11. Kxd2 0-0 12. Rc1 e6 13. Rc7 b6 14. Bd3 Na6 15. Rxc8 Raxc8 16. Bxa6 Rfd8 1-0

[Event "Budapest FS06 FM-A"]
[Site "Budapest"]
[Date "2011.06.09"]
[Round "6"]
[White "Ritter, Gabor"]
[Black "Juracsik, Jozsef"]
[Result "0-1"]
[WhiteElo "2083"]
[BlackElo "2133"]
[PlyCount "77"]
[EventDate "2011.06.04"]
[EventType "tourn"]
[EventRounds "11"]
[EventCountry "HUN"]
[SourceTitle "CBM 142 Extra"]
[Source "ChessBase"]
[SourceDate "2011.06.27"]
[SourceVersion "1"]
[SourceVersionDate "2011.06.27"]
[SourceQuality "1"]

1. Nf3 Nf6 2. c4 g6 3. b3 Bg7 4. Bb2 c5 5. g3 0-0 6. Bg2 Nc6 7. 0-0 d6 8. d3 e5 9. Nc3 Nh5 10. Nd5 e4 11. Bxg7 exf3 12. Bxf8 fxg2 13. Kxg2 Kxf8 14. Qd2 Kg8 15. Rac1 Be6 16. f4 Qd7 17. Rf2 Bh3+ 18. Kg1 Ne7 19. Nc3 d5 20. cxd5 Nxd5 21. Ne4 b6 22. Ng5 Bg4 23. f5 f6 24. fxg6 hxg6 25. Ne4 Kg7 26. Qb2 Qe7 27. Nd2 Bh3 28. Ne4 Kg8 29. Qd2 Bf5 30. Nc3 Ne3 31. Nd1 Ng4 32. Rf3 Ne5 33. Rf2 Rd8 34. Nb2 Bc8 35. Qe3 Qg7 36. Qd2 Bb7 37. Nc4 Ng4 38. Rff1 Qh7 39. Ne3 0-1